000 00637cam a22002413a 4500
001 25369
003 PGUSA
005 20140828083539.0
008 080507s2008||||xxu|||||s|||||000 1 eng d
040 _aPGUSA
_beng
042 _adc
050 4 _aPL
245 1 0 _a金石緣
_h[electronic resource]
260 _bProject Gutenberg,
_c2008
506 _aPublic domain in the USA.
516 _aElectronic text
653 _aChinese fiction -- Qing dynasty, 1644-1912
700 1 _aJingtianzhuren
740 0 _aJin Shi Yuan
830 0 _aProject Gutenberg
_v25369
856 4 0 _uhttp://www.gutenberg.org/ebooks/25369
942 _cEB
999 _c254624
_d254624